[Event "SCCA Championship 2021"]
[Site "SchemingMind.com"]
[Date "2020.12.19"]
[Round "-"]
[White "Phil Cook"]
[Black "Guy Whitehouse"]
[Result "1-0"]
[WhiteCountry "NZL"]
[BlackCountry "ENG"]
[WhiteElo "2535"]
[WhiteRD "119"]
[BlackElo "1635"]
[BlackRD "139"]
[GameID "463426"]

1. e4 c6 2. d4 d5 3. e5 Na6 4. c3 Nc7 5. Bd3 g6 6. h3 Be6 7. Nd2 Bg7 8. Ne2 Qd7 9. O-O Bf5 10. Bxf5 Qxf5
11. Nf3 Qd7 12. Re1 Ne6 13. a4 Nh6 14. a5 O-O 15. Nf4 Nxf4 16. Bxf4 e6 17. Qd2 Nf5 18. g4 Ne7 19. h4 f6 20. exf6 Rxf6
21. Ne5 Qe8 22. Nd3 Qf7 23. a6 b6 24. Be5 Rf3 25. Qe2
1-0

[Event "SCCA Championship 2021"]
[Site "SchemingMind.com"]
[Date "2020.12.16"]
[Round "-"]
[White "Charles McAleenan"]
[Black "Robert Pallett"]
[Result "1/2-1/2"]
[WhiteCountry "ENG"]
[BlackCountry "ENG"]
[WhiteElo "1956"]
[WhiteRD "119"]
[BlackElo "2369"]
[BlackRD "96"]
[GameID "463427"]

1. d4 d5 2. Bf4 Nf6 3. e3 c5 4. c3 Nc6 5. Nd2 Bf5 6. Qb3 Qd7 7. Ngf3 c4 8. Qd1 e6 9. Be2 a6 10. a4 Bd6
11. Bxd6 Qxd6 12. Nh4 O-O 13. b3 b5 14. Nxf5 exf5 15. O-O Ne4 16. Nxe4 fxe4 17. b4 Ne7 18. Qc2 a5 19. Rfb1 axb4 20. Rxb4 Qd7
21. Qb2 bxa4 22. Bd1 g6 23. Raxa4 Rxa4 24. Bxa4=
1/2-1/2

[Event "SCCA Championship 2021"]
[Site "SchemingMind.com"]
[Date "2020.12.16"]
[Round "-"]
[White "Phil Cook"]
[Black "Charles McAleenan"]
[Result "1/2-1/2"]
[WhiteCountry "NZL"]
[BlackCountry "ENG"]
[WhiteElo "2498"]
[WhiteRD "117"]
[BlackElo "2015"]
[BlackRD "115"]
[GameID "463428"]

1. e4 e5 2. Nf3 Nc6 3. Bb5 a6 4. Ba4 Nf6 5. O-O Be7 6. Re1 b5 7. Bb3 O-O 8. a4 b4 9. d3 d6 10. a5 Be6
11. Nbd2 Qc8 12. Nc4 Rb8 13. Ba4 Nd8 14. b3 Bxc4 15. bxc4 c5 16. Bd2 Nc6 17. c3 bxc3 18. Bxc3 Nb4 19. Qd2 Qc7 20. Bd1 Rb7
21. Nh4 g6 22. g3 Ne8 23. Ng2 Ng7 24. Rf1 Ne6 25. h4 Rfb8 26. f4 Nd4 27. f5 gxf5 28. Bxd4 cxd4 29. Rxf5 Bd8 30. Qe2 f6
31. g4 Qg7 32. c5 dxc5 33. Bb3+ Kh8 34. Bc4 Nc6 35. g5 Rb2 36. Qg4 Nxa5 37. Bd5 c4 38. h5 h6=
1/2-1/2

[Event "SCCA Championship 2021"]
[Site "SchemingMind.com"]
[Date "2020.12.16"]
[Round "-"]
[White "P Pickering"]
[Black "Charles McAleenan"]
[Result "0-1"]
[WhiteCountry "ENG"]
[BlackCountry "ENG"]
[WhiteElo "1743"]
[WhiteRD "94"]
[BlackElo "1956"]
[BlackRD "119"]
[GameID "463429"]

1. e4 e5 2. f4 d5 3. exd5 exf4 4. Nf3 Nf6 5. Bc4 Nxd5 6. O-O Be6 7. Qe2 Be7 8. Nc3 c6 9. d4 g5 10. Bd2 Nd7
11. Rae1 N7b6 12. Nxd5 Nxd5 13. Bd3 Qd6 14. c4 Nc7 15. Bc3 Rf8 16. Qe4 O-O-O 17. d5 cxd5 18. cxd5 Qxd5 19. Qxd5 Nxd5 20. Bg7 Bc5+
21. Kh1 Rg8 22. Be5 f6 23. Rc1 fxe5 24. Rxc5+ Kb8 25. Nxe5 Ne3 26. Rfc1 Bd5 27. Bxh7 Bxg2+ 28. Kg1 Rg7 29. Bf5 a6 30. Bg4 Re7
31. Nf3 Bxf3 32. Bxf3 g4 33. Bh1 Red7 34. Re1 Rd1 35. Rc1 R1d2 36. Rb1 Re8 37. h3 f3
0-1

[Event "SCCA Championship 2021"]
[Site "SchemingMind.com"]
[Date "2020.12.20"]
[Round "-"]
[White "Roger Oscroft "]
[Black "Charles McAleenan"]
[Result "0-1"]
[WhiteCountry "ENG"]
[BlackCountry "ENG"]
[WhiteElo "1706"]
[WhiteRD "124"]
[BlackElo "1956"]
[BlackRD "119"]
[GameID "463430"]

1. e4 e5 2. Bc4 Nf6 3. Qf3 Nc6 4. Nh3 Bc5 5. Ng5 O-O 6. Nc3 Nd4 7. Qd1 Qe7 8. d3 c6 9. Be3 b5 10. Bb3 b4
11. Ne2 Nxb3 12. axb3 Bxe3 13. fxe3 Ng4 14. Nf3 Nxe3 15. Qd2 Nxg2+ 16. Kf2 Nh4 17. Nxh4 Qxh4+ 18. Ng3 f5 19. exf5 Rxf5+ 20. Kg1 Rf8
21. Re1 d5 22. Rxe5 Bh3 23. Qe3 Qg4 24. Qe2 Rf1+ 25. Qxf1 Bxf1 26. Kxf1 Qf4+
0-1

[Event "SCCA Championship 2021"]
[Site "SchemingMind.com"]
[Date "2020.12.20"]
[Round "-"]
[White "McCormickR"]
[Black "Charles McAleenan"]
[Result "0-1"]
[WhiteCountry "ENG"]
[BlackCountry "ENG"]
[WhiteElo "1703"]
[WhiteRD "85"]
[BlackElo "2015"]
[BlackRD "115"]
[GameID "463431"]

1. e4 e5 2. f4 d5 3. exd5 exf4 4. Nf3 Nf6 5. Nc3 Nxd5 6. Bc4 Qe7+ 7. Qe2 Qxe2+ 8. Bxe2 Nxc3 9. dxc3 Bd6 10. O-O Nc6
11. Nd4 Nxd4 12. cxd4 g5 13. c4 c6 14. b3 O-O 15. Bd2 Be6 16. h3 Rad8 17. Rad1 Rfe8 18. Bf3 h6 19. Rfe1 Kf8 20. Bc3 Bf5
21. c5 Rxe1+ 22. Rxe1 Bc7 23. b4 Be6 24. a3 Bd5 25. Kf2 Bxf3 26. Kxf3 f5 27. Re6 Re8 28. Rxe8+ Kxe8 29. Be1 Kf7 30. a4 Ke6
31. Ke2 Kd5 32. Kd3 g4 33. hxg4 fxg4 34. Bc3 h5
0-1

[Event "SCCA Championship 2021"]
[Site "SchemingMind.com"]
[Date "2020.12.17"]
[Round "-"]
[White "Charles McAleenan"]
[Black "Allan Sedstrem"]
[Result "1-0"]
[WhiteCountry "ENG"]
[BlackCountry "SCO"]
[WhiteElo "2015"]
[WhiteRD "115"]
[BlackElo "1475"]
[BlackRD "79"]
[GameID "463432"]

1. d4 d5 2. Bf4 Nc6 3. Nf3 Nf6 4. e3 a6 5. h3 e6 6. Nbd2 Bb4 7. c3 Bd6 8. Bd3 O-O 9. Ne5 Bd7 10. O-O Nh5
11. Qxh5 g6 12. Qh6 f6 13. Nxg6 Rf7 14. Bxd6 cxd6 15. Nf4 Qf8 16. Qxf8+ Raxf8 17. e4 Ne7 18. exd5 Nxd5 19. Nxd5 exd5 20. Rfe1 Rg7
21. Re3 f5 22. f4 Rf6 23. Rae1 Rh6 24. Re7 Rhg6 25. R1e2 b5 26. Rxd7 Rxd7 27. Bxf5 Rf6 28. Bxd7 Rxf4 29. Be6+ Kg7 30. Rf2 Rh4
31. Bxd5 Rh5 32. Be4 Rh6 33. Kh2 a5 34. Rf5 a4 35. Rxb5 Kf7 36. Ra5 a3 37. b4 Rh5 38. Rxh5
1-0

[Event "SCCA Championship 2021"]
[Site "SchemingMind.com"]
[Date "2020.12.19"]
[Round "-"]
[White "Charles McAleenan"]
[Black "Guy Whitehouse"]
[Result "1-0"]
[WhiteCountry "ENG"]
[BlackCountry "ENG"]
[WhiteElo "2015"]
[WhiteRD "115"]
[BlackElo "1726"]
[BlackRD "114"]
[GameID "463433"]

1. d4 c6 2. Nf3 d5 3. Bf4 Nd7 4. e3 Qb6 5. Qc1 Ngf6 6. c4 dxc4 7. Bxc4 Qa5+ 8. Qd2 Qxd2+ 9. Nbxd2 Nb6 10. Be2 Nbd5
11. Be5 Bf5 12. O-O h6 13. Rfc1 e6 14. Ne1 Bb4 15. Nc4 Rd8 16. Nd3 Bxd3 17. Bxd3 Nb6 18. Nxb6 axb6 19. Bc7 Rd7 20. Bxb6 O-O
21. Bc5 Bxc5 22. Rxc5 Ra8 23. a3 Kf8 24. Kf1 Ke7 25. Ke2 Nd5 26. Rac1 Nb6 27. f4 Rd5 28. Be4 Rxc5 29. dxc5 Nd7 30. Rc3 Kd8
31. b4 Nf6 32. Bf3 Nd5 33. Rd3 Kc7 34. g3 Kc8 35. Kd2 Nc7 36. Kc2 Nb5= 37. Kb2 Nc7 38. e4 Ra6 39. Bg4 f6 40. Rd6
1-0

[Event "SCCA Championship 2021"]
[Site "SchemingMind.com"]
[Date "2020.12.20"]
[Round "-"]
[White "Charles McAleenan"]
[Black "mattkirk78"]
[Result "1/2-1/2"]
[WhiteCountry "ENG"]
[BlackCountry "ENG"]
[WhiteElo "1956"]
[WhiteRD "119"]
[BlackElo "1818"]
[BlackRD "151"]
[GameID "463434"]

1. d4 Nf6 2. Bg5 d5 3. Bxf6 gxf6 4. c4 dxc4 5. e3 c5 6. Bxc4 cxd4 7. exd4 Rg8 8. Qh5 Rg7 9. Ne2 Nc6 10. Nbc3 Qa5
11. Qxa5 Nxa5 12. Bb5+ Bd7 13. O-O O-O-O=
1/2-1/2

[Event "SCCA Championship 2021"]
[Site "SchemingMind.com"]
[Date "2020.12.20"]
[Round "-"]
[White "mattkirk78"]
[Black "Robert Pallett"]
[Result "1/2-1/2"]
[WhiteCountry "ENG"]
[BlackCountry "ENG"]
[WhiteElo "1818"]
[WhiteRD "151"]
[BlackElo "2369"]
[BlackRD "96"]
[GameID "463435"]

1. e4 e5 2. Nf3 Nc6 3. Bb5 a6 4. Ba4 Nf6 5. d3 d6 6. O-O Be7 7. c3 b5 8. Bb3 O-O 9. a4 Bd7 10. Be3 Na5
11. Bc2 c5 12. h3 Qc7 13. Nbd2 h6 14. Re1 Rfc8 15. Nf1 Be6 16. Ng3 d5 17. exd5 Nxd5 18. Bd2 Nc6 19. d4 cxd4 20. cxd4 exd4
21. Nh5 Qd6 22. Be4 g6 23. Bxh6 gxh5 24. Nxd4 Nxd4 25. Qxd4 Bf6 26. Qd2 Re8 27. Rad1 Qb4 28. Bxd5 Qxd2 29. Rxd2 Bxd5 30. Rxe8+ Rxe8
31. Rxd5 Re1+ 32. Kh2 bxa4 33. Be3 h4 34. Ra5=
1/2-1/2

[Event "SCCA Championship 2021"]
[Site "SchemingMind.com"]
[Date "2020.12.20"]
[Round "-"]
[White "Phil Cook"]
[Black "mattkirk78"]
[Result "1-0"]
[WhiteCountry "NZL"]
[BlackCountry "ENG"]
[WhiteElo "2532"]
[WhiteRD "116"]
[BlackElo "1978"]
[BlackRD "225"]
[GameID "463436"]

1. e4 g6 2. d4 Bg7 3. Nc3 d6 4. Be3 Nf6 5. Qd2 O-O 6. O-O-O c6 7. f3 b5 8. h4 Qa5 9. Bh6 b4 10. Nb1 Be6
11. Bxg7 Kxg7 12. h5 Nbd7 13. a3 gxh5 14. g4 Rfb8 15. g5 Ne8 16. Rxh5 Kg6 17. Bd3 Kxh5 18. Qh2+ Kxg5 19. f4+ Kg6 20. Qg3+ Kh6
21. e5 f6 22. Nf3
1-0

[Event "SCCA Championship 2021"]
[Site "SchemingMind.com"]
[Date "2020.12.20"]
[Round "-"]
[White "P Pickering"]
[Black "mattkirk78"]
[Result "1/2-1/2"]
[WhiteCountry "ENG"]
[BlackCountry "ENG"]
[WhiteElo "1816"]
[WhiteRD "103"]
[BlackElo "1978"]
[BlackRD "225"]
[GameID "463437"]

1. e4 g6 2. d4 Bg7 3. Nc3 d6 4. Nf3 Nf6 5. Bc4 O-O 6. O-O Nxe4 7. Nxe4 d5 8. Bd3 dxe4 9. Bxe4 Nd7 10. c3 c5
11. Be3 cxd4 12. cxd4 Nf6 13. Bc2 Be6 14. Bb3 Bd5 15. Rc1 e6 16. Re1 Qd6 17. Bxd5 Nxd5 18. Qb3 Qb6=
1/2-1/2

[Event "SCCA Championship 2021"]
[Site "SchemingMind.com"]
[Date "2020.12.20"]
[Round "-"]
[White "McCormickR"]
[Black "mattkirk78"]
[Result "0-1"]
[WhiteCountry "ENG"]
[BlackCountry "ENG"]
[WhiteElo "1685"]
[WhiteRD "86"]
[BlackElo "1786"]
[BlackRD "132"]
[GameID "463438"]

1. e4 e5 2. Nf3 Nc6 3. Bb5 a6 4. Ba4 Nf6 5. O-O Be7 6. Re1 d6 7. c3 b5 8. Bb3 O-O 9. h3 Na5 10. Bc2 c5
11. d4 Qc7 12. Nbd2 Bd7 13. Nf1 Rfe8 14. Bg5 h6 15. dxe5 dxe5 16. Bh4 Rad8 17. Qc1 Nh5 18. Bg3 Nxg3 19. fxg3 Bc6 20. Rd1 Rxd1
21. Qxd1 Nc4 22. b3 Na3 23. Qe2 Nxc2 24. Qxc2 Rd8 25. Ne3 c4 26. Re1 Bc5 27. Kh1 Rd3 28. Nf5 Kh7 29. bxc4 bxc4 30. Nd2 Bb5
31. a4 Qd7 32. Re2 Bxa4 33. Qa2 Rxc3 34. Qb2 Bd4 35. Qb4 Rc1+
0-1

[Event "SCCA Championship 2021"]
[Site "SchemingMind.com"]
[Date "2020.12.20"]
[Round "-"]
[White "mattkirk78"]
[Black "Allan Sedstrem"]
[Result "1-0"]
[WhiteCountry "ENG"]
[BlackCountry "SCO"]
[WhiteElo "1818"]
[WhiteRD "151"]
[BlackElo "1466"]
[BlackRD "78"]
[GameID "463439"]

1. e4 e5 2. f4 exf4 3. Nf3 Nf6 4. e5 Qe7 5. Qe2 Nd5 6. c4 Nb6 7. d4 d6 8. exd6 Qxe2+ 9. Bxe2 cxd6 10. Bxf4 Bg4
11. Nc3 Nc6 12. O-O-O O-O-O 13. Rhe1 f5 14. Ng5 Bxe2 15. Rxe2 Rd7 16. d5 Nd8 17. c5 Nc4 18. Rd4 Ne5 19. cxd6 Ng6 20. Rc4+ Kb8
21. Re8 Nxf4 22. Nf7 Rg8 23. Nxd8 g5 24. Nc6#
1-0

[Event "SCCA Championship 2021"]
[Site "SchemingMind.com"]
[Date "2020.12.20"]
[Round "-"]
[White "mattkirk78"]
[Black "Guy Whitehouse"]
[Result "1-0"]
[WhiteCountry "ENG"]
[BlackCountry "ENG"]
[WhiteElo "1786"]
[WhiteRD "132"]
[BlackElo "1702"]
[BlackRD "110"]
[GameID "463440"]

1. e4 d5 2. exd5 Qxd5 3. Nf3 Bg4 4. Be2 Nc6 5. O-O O-O-O 6. Nc3 Qd7 7. b4 e5 8. Rb1 f5 9. b5 Bxf3 10. Bxf3 Nd4
11. d3 Nxf3+ 12. Qxf3 f4 13. Re1 Nf6 14. a4 Bc5 15. a5 Qg4 16. Qxg4+ Nxg4 17. Ne4 Bd6 18. a6 b6 19. g3 fxg3 20. fxg3 h5
21. Bg5 Rd7 22. h3 Nh6 23. Rf1 Nf7 24. h4 Nxg5 25. Nxd6+ cxd6 26. hxg5 Kd8 27. Rf5 Ke8 28. Rbf1 Re7 29. g6
1-0